<?xml version="1.0" encoding="UTF-8"?>
<marc:record xmlns:marc="http://www.loc.gov/MARC21/slim">
   <marc:leader>00000nam a2200000 a 4500</marc:leader>
   <marc:datafield ind1="1" ind2=" " tag="100">
      <marc:subfield code="a">Herngren, Moa</marc:subfield>
      <marc:subfield code="4">aut</marc:subfield>
      <marc:subfield code="e">Verfasser/-in</marc:subfield>
   </marc:datafield>
   <marc:datafield ind1="0" ind2="0" tag="245">
      <marc:subfield code="a">Schwiegermutter</marc:subfield>
   </marc:datafield>
   <marc:datafield ind1="0" ind2="0" tag="245">
      <marc:subfield code="b">Roman</marc:subfield>
   </marc:datafield>
   <marc:datafield ind1="0" ind2="0" tag="245">
      <marc:subfield code="c">Moa Herngren</marc:subfield>
   </marc:datafield>
   <marc:datafield ind1=" " ind2="1" tag="264">
      <marc:subfield code="a">Zürich</marc:subfield>
      <marc:subfield code="b">Kein &amp; Aber AG</marc:subfield>
      <marc:subfield code="c">2025</marc:subfield>
   </marc:datafield>
   <marc:datafield ind1="1" ind2=" " tag="520">
      <marc:subfield code="a">Åsa und ihr Sohn Andreas hatten immer schon ein enges Verhältnis. Andreas ist Einzelkind, Åsa hat ihn allein großgezogen &#x96; sie sind ein eingespieltes Team. Deshalb ist es für Åsa keine Frage, dass sie ihm und seiner Freundin Josefin anbietet, bei ihr unterzukommen, als die beiden kurzfristig ohne Wohnung dastehen. Doch das Zusammenleben stellt Åsa vor ungeahnte Herausforderungen. Ihre Versuche, eine Verbindung zu Josefin aufzubauen, schlagen fehl. Plötzlich sieht sie sich mit nie da gewesenen Vorwürfen zu Andreas&#x92; Kindheit und Jugend konfrontiert, und sie erkennt ihren eigenen Sohn kaum wieder. Schmerzlich wird sich Åsa bewusst, dass sie nicht mehr die wichtigste Person in Andreas&#x92; Leben ist. (Verl.txt)</marc:subfield>
   </marc:datafield>
   <marc:datafield ind1=" " ind2=" " tag="020">
      <marc:subfield code="a">9783036950617</marc:subfield>
      <marc:subfield code="9">9783036950617</marc:subfield>
   </marc:datafield>
   <marc:datafield ind1=" " ind2=" " tag="020">
      <marc:subfield code="a">3036950613</marc:subfield>
      <marc:subfield code="9">3036950613</marc:subfield>
   </marc:datafield>
   <marc:datafield ind1=" " ind2=" " tag="500">
      <marc:subfield code="a">Aus dem Schwedischen von Katharina Martl</marc:subfield>
   </marc:datafield>
   <marc:datafield ind1=" " ind2=" " tag="300">
      <marc:subfield code="a">348 S.</marc:subfield>
   </marc:datafield>
</marc:record>
